De la seguridad nacional a la nueva institucionalidad: notas sobre la trayectoria ideológica del nuevo estado autoritario
में बचाया:
| मुख्य लेखक: | |
|---|---|
| स्वरूप: | मूलपाठ |
| प्रकाशित: |
Santiago :
|
| टैग: |
टैग जोड़ें
कोई टैग नहीं, इस रिकॉर्ड को टैग करने वाले पहले व्यक्ति बनें!
|
MARC
| LEADER | 00000 a a2200000 04500 | ||
|---|---|---|---|
| 001 | 16149 | ||
| 003 | |||
| 040 | |||
| 090 | |a 012800 | ||
| 100 | |a Garretón Merino, Manuel Antonio | ||
| 245 | |a De la seguridad nacional a la nueva institucionalidad: notas sobre la trayectoria ideológica del nuevo estado autoritario | ||
| 260 | |a Santiago : | ||
| 300 | |a 40 p. | ||
| 999 | |c 12247 |d 12247 | ||
